The Big Idea : (Record no. 592873)

MARC details
000 -LEADER
fixed length control field 00474nam a2200193 a 4500
008 - FIXED-LENGTH DATA ELEMENTS--GENERAL INFORMATION
fixed length control field 251023s2002##################000#0#eng##
020 ## - INTERNATIONAL STANDARD BOOK NUMBER
ISBN 9780793148370
082 04 - DEWEY DECIMAL CLASSIFICATION NUMBER
Classification number 658.575
Item number STR
100 1# - MAIN ENTRY--AUTHOR NAME
Personal name Strauss, Steven D.,
245 10 - TITLE STATEMENT
Title The Big Idea :
260 ## - PUBLICATION, DISTRIBUTION, ETC. (IMPRINT)
Name of publisher Kaplan Business,
Year of publication 2002.
300 ## - PHYSICAL DESCRIPTION
Number of Pages 229 pages
650 #0 - SUBJECT ADDED ENTRY--TOPICAL TERM
Topical Term Business & Economics.
942 ## - ADDED ENTRY ELEMENTS (KOHA)
Koha item type English Books

No items available.

Find us on the map